Building a Win-Win World Life Beyond Global Economic Warfare

Guardado en:
Detalles Bibliográficos
Autor principal: Henderson, Hazel
Formato: Libro
Lenguaje:inglés
Publicado: San Francisco Berrett-Koehler Publ. 1996
Edición:1. ed.
Materias:
Etiquetas: Agregar Etiqueta
Sin Etiquetas, Sea el primero en etiquetar este registro!

MARC

LEADER 00000nam a2200000 4500
001 c020077
005 20221205125016.1
020 |a 1-881052-90-7 
041 0 |a eng 
044 |a US 
245 1 0 |a Building a Win-Win World  |b Life Beyond Global Economic Warfare  |c Hazel Henderson 
250 |a 1. ed. 
264 1 |a San Francisco  |b Berrett-Koehler Publ.  |c 1996 
300 |a 398 s. 
610 2 0 |a rozvoj hospodársky 
610 2 0 |a vývoj hospodársky 
610 2 0 |a rozvoj trvalo udržateľný 
610 2 0 |a ekológia 
610 2 0 |a ekológia sociálna 
610 2 0 |a spolupráca hospodárska medzinárodná 
610 2 0 |a svet 
610 2 0 |a vojna hospodárska 
610 2 0 |a politika environmentálna 
100 1 |a Henderson, Hazel